000 00362nam a2200133Ia 4500
008 240624s9999 xx 000 0 und d
041 _aeng
082 _a303.3 DON
100 _aDONSBACH WOLFGANG
245 _aSAGE HANDBOOK OF PUBLIC OPINION RESEARCH
260 _c2008
_aNew Delhi
_bSage Publications
300 _axx, : 618 : p. : cm. ; 25
365 _cBPS
_b30
999 _c12959
_d12959